000 00339 a2200157 4500
001 58101
020 _a8501061360
040 _cAnchieta - Pituba
100 _aAndrade, Carlos Drummond de
240 1 0 _aA rosa do povo
_lpor
245 1 0 _aA rosa do povo
300 _a238
362 0 _a2001
650 4 _aPoesia brasileira
942 _cBK
999 _c58101
_d58101